Be flexible to avoid stiff legislation (Record no. 71516)
[ view plain ]
| 000 -LEADER | |
|---|---|
| fixed length control field | 01220cam a2200229 4500 |
| 001 - CONTROL NUMBER | |
| control field | ABS66071 |
| 008 - FIXED-LENGTH DATA ELEMENTS--GENERAL INFORMATION | |
| fixed length control field | 021105n2002 000 0 eng u |
| 035 ## - SYSTEM CONTROL NUMBER | |
| System control number | (Sirsi) u120360 |
| 100 ## - MAIN ENTRY--PERSONAL NAME | |
| Personal name | Lay, R |
| 245 ## - TITLE STATEMENT | |
| Title | Be flexible to avoid stiff legislation |
| 260 ## - PUBLICATION, DISTRIBUTION, ETC. | |
| Date of publication, distribution, etc. | 2002 |
| 490 ## - SERIES STATEMENT | |
| Series statement | Estates Gazette |
| Volume/sequential designation | (0237) 14 September 2002, 148-149(2) |
| 520 ## - SUMMARY, ETC. | |
| Summary, etc. | The first in a four part series on the new voluntary code of practice for commercial leases explains why landlords must adapt their practices or risk intrusive legislation. The code comprises 23 recommendations for best practice for landlords and tenants when negotiating business tenancies and aims to create more flexibility with regards to leases lengths and rent reviews. Illustrates how the property market has changed over the past 10 years as lease lengths have shortened and argues that property profession must accept a government-endorsed code that promotes change. Code available at www.commercialleasecodeew.co.uk |
| 590 ## - LOCAL NOTE (RLIN) | |
| Local note | ABS |
| 650 ## - SUBJECT ADDED ENTRY--TOPICAL TERM | |
| Topical term or geographic name entry element | CODE OF PRACTICE |
| 650 ## - SUBJECT ADDED ENTRY--TOPICAL TERM | |
| Topical term or geographic name entry element | COMMERCIAL LEASES |
| 650 ## - SUBJECT ADDED ENTRY--TOPICAL TERM | |
| Topical term or geographic name entry element | FLEXIBILITY |
| 650 ## - SUBJECT ADDED ENTRY--TOPICAL TERM | |
| Topical term or geographic name entry element | RENT REVIEW |
| 650 ## - SUBJECT ADDED ENTRY--TOPICAL TERM | |
| Topical term or geographic name entry element | LEASE LENGTH |
| 690 ## - LOCAL SUBJECT ADDED ENTRY--TOPICAL TERM (OCLC, RLIN) | |
| Topical term or geographic name as entry element | LANDLORD AND TENANT-BUSINESS TENANCIES |
| 942 ## - ADDED ENTRY ELEMENTS (KOHA) | |
| Suppress in OPAC | 0 |
| Withdrawn status | Lost status | Source of classification or shelving scheme | Damaged status | Not for loan | Home library | Current library | Shelving location | Date acquired | Total Checkouts | Full call number | Barcode | Date last seen | Copy number | Price effective from | Koha item type |
|---|---|---|---|---|---|---|---|---|---|---|---|---|---|---|---|
| Dewey Decimal Classification | London | London | Journal article | 05/11/2002 | ABS66071 | 120360-1001 | 06/08/2019 | 1 | 06/08/2019 | Journal article |